| 000 | 00394nam a2200157Ia 4500 | ||
|---|---|---|---|
| 008 | 180921t1974 xxu||||| |||| 00| 0 eng d | ||
| 041 | _aeng | ||
| 080 |
_a651.54(1) _b |
||
| 100 | _aBassett, Ernest D. | ||
| 245 | _aBusiness filing and records control | ||
| 260 |
_bSouth western _c1974 |
||
| 300 | _a234p., 24 cm | ||
| 942 | _cBK | ||
| 999 |
_c13698 _d13698 |
||
| 003 | LK-CoDNM | ||
| 040 |
_aLK-CoDNM _dLK-CoDNM _eLK-CoDNM |
||